[Event "Chinese Championship"]
[Site "?"]
[Date "2012.04.05"]
[Round "?"]
[White "Wang, Yue"]
[Black "Hou, Yifan"]
[WhiteElo "2702"]
[BlackElo "2639"]
[Result "1/2-1/2"]

1. d4 Nf6 2. c4 e6 3. Nf3 d5 4. Nc3 Bb4 5. Bg5 h6 6. Bxf6 Qxf6 7. e3 O-O 8. Be2 dxc4 9. O-O c5 10. Ne4 Qe7 11. a3 cxd4 12. Qxd4 Ba5 13. Qxc4 Bb6 14. Qb4 Re8 15. Qxe7 Rxe7 16. Ne5 Bd7 17. Rac1 Nc6 18. Nc4 Bc7 19. Rfd1 Na5 20. Nxa5 Bxa5 21. Nd6 Bc6 22. Bf3 Bxf3 23. gxf3 Rd7 24. Ne4 Rxd1+ 25. Rxd1 Rd8 26. Rb1 Bb6 27. Kf1 Kf8 28. Ke2 Rd5 29. Rc1 Ke7 30. b4 Rd7 31. Rg1 g6 32. a4 a5 33. b5 Rc7 34. Kd3 Rd7+ 35. Kc2 Rc7+ 36. Kb3 Rd7 37. Kc2 Rc7+ 38. Kd3 Rd7+ 39. Ke2 Rc7 40. Rd1 Rc4 41. Nd6 Rc7 42. f4 Ba7 43. Kf3 Bb8 44. Rd4 Ba7 45. Rd3 Bc5 46. Nc4 Bb4 47. Ne5 Bc5 48. h3 Bb6 49. Rd1 g5 50. h4 gxf4 51. Kxf4 h5 52. Kf3 Ke8 53. Rg1 Kf8 54. Rd1 Ke8 55. Rd3 Rc2 56. Rd1 Bc7 57. Nd3 Rc4 58. Rg1 Rxa4 59. Rg8+ Ke7 60. Ra8 Rc4 61. Ra7 Kd7 62. Rxb7 Kc8 63. Ra7 Kb8 64. b6 Bxb6 65. Rxf7 a4 66. Ne5 Rc7 67. Rf4 a3 68. Ra4 Bc5 69. Ke4 Bd6 70. Nc4 Ra7 71. Rxa7 Kxa7 72. Nxa3 Bxa3 73. Ke5 Be7 

1/2-1/2

[Event "Asian Nations Chess Cup"]
[Site "?"]
[Date "2012.05.17"]
[Round "?"]
[White "Al-Ali, Hussein Ali Hussein"]
[Black "Wang, Yue"]
[WhiteElo "2343"]
[BlackElo "2690"]
[Result "0-1"]

1. e4 c5 2. Nf3 Nc6 3. Bb5 g6 4. O-O Bg7 5. Bxc6 bxc6 6. Qe2 Nf6 7. e5 Nd5 8. d3 O-O 9. h3 d6 10. c4 Nc7 11. Nc3 Ne6 12. exd6 exd6 13. Re1 f5 14. Qc2 h6 15. Be3 g5 16. Rad1 Rb8 17. d4 f4 18. d5 cxd5 19. cxd5 Nc7 20. Bc1 Bf5 21. Qe2 Qd7 22. Qe7 Qxe7 23. Rxe7 Rf7 24. Re2 Kf8 25. Kf1 Re7 26. Rxe7 Kxe7 27. Ng1 Bxc3 28. bxc3 c4 29. g3 Bd3+ 30. Kg2 Nxd5 31. gxf4 gxf4 32. Kf3 Ke6 33. Bd2 Kf5 34. Kg2 Rb2 

0-1

[Event "Asian Nations Chess Cup"]
[Site "?"]
[Date "2012.05.18"]
[Round "?"]
[White "Wang, Yue"]
[Black "Kazhgaleyev, Murtas"]
[WhiteElo "2690"]
[BlackElo "2595"]
[Result "1-0"]

1. c4 e6 2. Nf3 Nf6 3. g3 d5 4. Bg2 dxc4 5. Qa4+ c6 6. Qxc4 b5 7. Qc2 Bb7 8. O-O Nbd7 9. Nc3 a6 10. a4 Rc8 11. Rd1 Qb6 12. d4 b4 13. a5 Qa7 14. Na4 c5 15. dxc5 Be4 16. Qc4 Bxc5 17. Be3 Bd5 18. Bxc5 Rxc5 19. Qd4 Rc7 20. Nb6 O-O 21. Nxd5 Nxd5 22. Qxa7 Rxa7 23. Rac1 Rb8 24. Nd4 Ne7 25. Nc6 Nxc6 26. Rxc6 Kf8 27. Rdd6 Rba8 28. f4 Ke7 29. Kf2 h6 30. h4 h5 31. Bf3 g6 32. Ke1 b3 33. Kd2 Nf6 34. Rd3 Rb8 35. Rb6 Rc8 36. Rdxb3 Nd7 37. Rb7 Rc7 38. Rxa7 Rxa7 39. Rc3 e5 40. Rc6 Nb8 41. Rc8 Nd7 42. b4 Nf6 43. fxe5 Nd7 44. Ra8 

1-0

[Event "Asian Nations Chess Cup"]
[Site "?"]
[Date "2012.05.19"]
[Round "?"]
[White "Harikrishna, P"]
[Black "Wang, Yue"]
[WhiteElo "2693"]
[BlackElo "2690"]
[Result "1-0"]

1. e4 c5 2. Nf3 Nc6 3. d4 cxd4 4. Nxd4 e5 5. Nb5 d6 6. N1c3 Nf6 7. Bg5 a6 8. Na3 b5 9. Bxf6 gxf6 10. Nd5 Bg7 11. Bd3 Ne7 12. Nxe7 Qxe7 13. O-O O-O 14. c4 f5 15. Qh5 Qb7 16. Rfe1 d5 17. exd5 e4 18. Bf1 Bxb2 19. Rab1 Bg7 20. Nc2 Qd7 21. g3 Qd6 22. Ne3 f4 23. Nf5 Bxf5 24. Qxf5 e3 25. Qxf4 Qxf4 26. gxf4 exf2+ 27. Kxf2 bxc4 28. Bxc4 Rfc8 29. Bb3 Bf8 30. Rg1+ Kh8 31. Rgc1 Rxc1 32. Rxc1 a5 33. Rc6 Kg7 34. Kf3 a4 35. Bc4 Rd8 36. Ke4 a3 37. h4 Rd6 38. Ke5 Rd8 39. d6 h5 40. f5 Re8+ 41. Be6 Rd8 42. f6+ Kg6 43. Bf5+ Kh6 44. d7 Bb4 45. Rc8 

1-0

[Event "Asian Nations Chess Cup"]
[Site "?"]
[Date "2012.05.20"]
[Round "?"]
[White "Wang, Yue"]
[Black "Zhou, Jianchao"]
[WhiteElo "2690"]
[BlackElo "2609"]
[Result "1-0"]

1. c4 c5 2. Nf3 Nc6 3. Nc3 g6 4. e3 Nf6 5. d4 cxd4 6. exd4 d5 7. cxd5 Nxd5 8. Qb3 e6 9. Bg5 Be7 10. Bh6 a6 11. Bd3 Qb6 12. Qxb6 Nxb6 13. O-O-O f6 14. a3 Nd5 15. Bd2 Bd7 16. Be4 Rc8 17. Kb1 Nxc3+ 18. Bxc3 b5 19. Rhe1 Kf8 20. d5 exd5 21. Bxd5 Bf5+ 22. Ka2 b4 23. Bd2 h5 24. Rc1 Na7 25. a4 Rh7 26. Nh4 Rd8 27. Nxf5 gxf5 28. Rc7 Rxd5 29. Rexe7 Rxe7 30. Bxb4 Nc8 31. Rxc8+ Kf7 32. Bxe7 Kxe7 33. Kb3 f4 34. Rc7+ Kd6 35. Rc4 f3 36. g3 Rd2 37. Rc2 Re2 38. Kc3 Re4 39. b3 Ke5 40. Kd3 f5 41. Rc5+ Kf6 42. Rc6+ Ke5 43. Rc5+ Kf6 44. a5 Re2 45. Rc2 Re1 46. Rc6+ Ke5 47. Rc5+ Kf6 48. h4 Re4 49. Rc6+ Ke5 50. Rxa6 Re2 51. Rb6 Rxf2 52. Ke3 Rf1 53. Rb5+ Ke6 54. a6 f2 

1-0

[Event "Asian Nations Chess Cup"]
[Site "?"]
[Date "2012.05.22"]
[Round "?"]
[White "Nguyen, Ngoc Truong Son"]
[Black "Wang, Yue"]
[WhiteElo "2656"]
[BlackElo "2690"]
[Result "1/2-1/2"]

1. Nf3 d5 2. c4 c6 3. d4 Nf6 4. e3 Bf5 5. Nc3 e6 6. Nh4 Bg6 7. Nxg6 hxg6 8. a3 Nbd7 9. g3 Bd6 10. c5 Bc7 11. Bg2 e5 12. b4 e4 13. b5 Ng8 14. Qa4 Ne7 15. bxc6 bxc6 16. Qa6 Qc8 17. Qxc8+ Rxc8 18. Rb1 Rb8 19. Rxb8+ Nxb8 20. h4 Nd7 21. Bd2 f5 22. Ke2 Kf7 23. Rb1 Rb8 24. Rxb8 Nxb8 25. Na2 Kf6 26. Nc1 g5 27. hxg5+ Kxg5 28. Bh3 Kh5 29. Nb3 g5 30. Ba5 Bxa5 31. Nxa5 g4 

1/2-1/2

[Event "Asian Nations Chess Cup"]
[Site "?"]
[Date "2012.05.25"]
[Round "?"]
[White "Zhang, Zhong"]
[Black "Wang, Yue"]
[WhiteElo "2593"]
[BlackElo "2690"]
[Result "1/2-1/2"]

1. e4 e5 2. Nf3 Nf6 3. Nc3 Bb4 4. Nxe5 O-O 5. Be2 d6 6. Nd3 Bxc3 7. dxc3 Nxe4 8. O-O Nd7 9. f3 Nec5 10. Be3 Re8 11. Bf2 Nxd3 12. cxd3 Qg5 13. Re1 Nf6 14. Qc1 Qxc1 15. Raxc1 Bd7 16. Bf1 h6 17. Rxe8+ Rxe8 18. Re1 Rxe1 19. Bxe1 Kf8 20. Kf2 Ke7 21. c4 Nh7 22. Bc3 f6 23. Ke3 Nf8 24. d4 c5 25. Bd3 Ne6 26. dxc5 dxc5 27. Be4 b6 28. h4 Be8 29. Be1 Nd4 30. Bc3 Ne6 31. f4 h5 32. Kf3 Nd8 33. b3 Nf7 34. g3 Nd6 35. Bd3 Bd7 36. Bg6 Bg4+ 37. Ke3 a5 38. Be1 Ke6 39. Bc3 Kd7 40. Be1 Ke7 41. Bc3 Kd7 42. Be1 a4 43. Bc2 Bf5 44. Bd1 g6 45. Bc3 Ne4 46. Be1 a3 47. b4 cxb4 48. Bc2 b3 49. Bxb3 Nc5 50. Bb4 Nxb3 51. axb3 a2 52. Bc3 Ke6 53. Kd4 Bc2 54. b4 Kf5 55. Ke3 Bb3 56. c5 bxc5 57. bxc5 Ba4 58. Ba1 Be8 59. Bb2 Ke6 60. Ke4 Bc6+ 61. Kd4 Bb7 62. Ba1 Bc6 

1/2-1/2

[Event "Asian Nations Chess Cup"]
[Site "?"]
[Date "2012.05.26"]
[Round "?"]
[White "Wang, Yue"]
[Black "Gundavaa, Bayarsaikhan"]
[WhiteElo "2690"]
[BlackElo "2516"]
[Result "1-0"]

1. c4 Nf6 2. Nf3 e6 3. g3 d5 4. Bg2 Be7 5. O-O O-O 6. b3 b6 7. d4 Bb7 8. cxd5 Bxd5 9. Nc3 Bb7 10. Bb2 Nbd7 11. Rc1 c5 12. dxc5 Bxc5 13. Na4 Be7 14. Nd4 Bxg2 15. Kxg2 Rc8 16. Qd3 Nc5 17. Nxc5 bxc5 18. Nb5 Qa5 19. Na3 Rfd8 20. Qc3 Qa6 21. Nc4 Bf8 22. Rfd1 Nd5 23. Qf3 Nb6 24. Rxd8 Rxd8 25. a3 Nxc4 26. Rxc4 f6 27. h4 Qd6 28. h5 Qd5 29. Bc1 Qxf3+ 30. Kxf3 Rd1 31. g4 Kf7 32. Be3 Rb1 33. Ra4 Rxb3 34. Rxa7+ Be7 35. a4 f5 36. a5 Ra3 37. Kg2 

1-0

[Event "38th Olympiad"]
[Site "?"]
[Date "2008.11.13"]
[Round "?"]
[White "Wang, Yue"]
[Black "Villamayor, Buenaventura"]
[WhiteElo "2736"]
[BlackElo "2468"]
[Result "1-0"]

1. d4 d5 2. c4 c6 3. Nf3 Nf6 4. e3 Bg4 5. Qb3 Qb6 6. Nc3 e6 7. Nh4 Be7 8. h3 Bh5 9. g4 Bg6 10. Nxg6 hxg6 11. Bg2 Nbd7 12. g5 Ng8 13. f4 Qxb3 14. axb3 Bb4 15. Kf2 Ne7 16. e4 dxe4 17. Nxe4 Nf5 18. Rd1 O-O 19. Bd2 Bxd2 20. Rxd2 Rfd8 21. Bf3 Kf8 22. Rad1 a5 23. d5 exd5 24. cxd5 c5 25. Bg4 b6 26. Bxf5 gxf5 27. Nc3 Re8 28. Re2 g6 29. Rde1 Rxe2+ 30. Rxe2 Rd8 31. Rd2 b5 32. d6 b4 33. Nd5 Re8 34. Nf6 Rd8 35. Nd5 Re8 36. Re2 Re6 37. Rxe6 fxe6 38. Nf6 Nb6 39. h4 c4 40. bxc4 Nxc4 41. d7 Ke7 42. h5 

1-0

[Event "38th Olympiad"]
[Site "?"]
[Date "2008.11.14"]
[Round "?"]
[White "Azarov, Sergei"]
[Black "Wang, Yue"]
[WhiteElo "2613"]
[BlackElo "2736"]
[Result "1/2-1/2"]

1. e4 e5 2. Nf3 Nc6 3. Bb5 Nf6 4. d3 Bc5 5. O-O d6 6. Nc3 Bd7 7. Bg5 h6 8. Bxf6 Qxf6 9. Nd5 Qd8 10. c3 a6 11. Ba4 Ba7 12. d4 exd4 13. cxd4 O-O 14. Rc1 Rc8 15. h3 Ne7 16. Ne3 b5 17. Bc2 c5 18. Qd2 Nc6 19. d5 Ne5 20. Nxe5 dxe5 21. Nf5 c4 22. Rcd1 Bxf5 23. exf5 Bd4 24. Be4 Qd6 25. g3 b4 26. Kg2 a5 27. Qe2 Rc5 28. Rc1 Rfc8 29. Rc2 a4 30. Rfc1 c3 31. bxc3 Bxc3 32. Rb1 f6 33. h4 Rc4 34. Qf3 a3 35. Rcc1 Rd4 36. Rc2 Rcc4 37. Re2 Bb2 38. Rbe1 Kf8 39. Re3 Rc3 40. Rxc3 Bxc3 41. Rd1 Rc4 42. Bc2 Bd4 43. Bb3 Rc5 44. Qe4 Rc3 

1/2-1/2

[Event "38th Olympiad"]
[Site "?"]
[Date "2008.11.17"]
[Round "?"]
[White "Wang, Yue"]
[Black "Rowson, J"]
[WhiteElo "2736"]
[BlackElo "2596"]
[Result "1/2-1/2"]

1. Nf3 d5 2. d4 Nf6 3. c4 c6 4. Nc3 dxc4 5. a4 e6 6. e3 c5 7. Bxc4 cxd4 8. exd4 Be7 9. O-O O-O 10. Qe2 Nc6 11. Rd1 Nd5 12. Bd2 Ncb4 13. Rac1 b6 14. Nxd5 exd5 15. Bb3 Ba6 16. Qe3 Nd3 17. Rb1 Re8 18. Ne5 Bc5 19. f4 f6 20. dxc5 fxe5 21. Bc3 Kh8 22. Bxe5 d4 23. Qxd4 Qxd4+ 24. Bxd4 bxc5 25. Bc3 Rab8 26. Bd5 Nxf4 27. Bf3 Bd3 28. Ra1 c4 29. Re1 Ne2+ 30. Bxe2 Bxe2 31. a5 a6 32. Kf2 Bd3 33. Rxe8+ Rxe8 34. Ra4 Rb8 35. Ke3 Kg8 36. Kd4 Rb5 37. Ra1 Kf7 38. Re1 g6 39. Re3 h5 40. g3 g5 41. Re1 g4 42. b4 Rf5 43. Bd2 Rf2 44. Bg5 Re2 45. Rxe2 Bxe2 46. b5 axb5 47. a6 Ke6 48. Ke4 

1/2-1/2

[Event "38th Olympiad"]
[Site "?"]
[Date "2008.11.23"]
[Round "?"]
[White "Adams, Mi"]
[Black "Wang, Yue"]
[WhiteElo "2734"]
[BlackElo "2736"]
[Result "1/2-1/2"]

1. e4 e5 2. Nf3 Nc6 3. Bb5 Nf6 4. O-O Nxe4 5. d4 Nd6 6. Bxc6 dxc6 7. dxe5 Nf5 8. Qxd8+ Kxd8 9. Nc3 Ke8 10. h3 Be7 11. g4 Nh4 12. Nxh4 Bxh4 13. Kg2 h5 14. f3 Be6 15. Be3 Be7 16. Ne2 Rd8 17. Nf4 g6 18. Rfd1 a6 19. b3 Rd7 20. Nd3 Kd8 21. Nc5 Rxd1 22. Rxd1+ Kc8 23. c4 Bxc5 24. Bxc5 Rd8 25. Rxd8+ Kxd8 26. Kg3 b5 27. gxh5 gxh5 28. Kh4 Kd7 29. Kxh5 Bxh3 30. Kg5 Ke6 31. Kf4 bxc4 32. bxc4 

1/2-1/2

[Event "39th WCO"]
[Site "?"]
[Date "2010.09.23"]
[Round "?"]
[White "Wang, Yue"]
[Black "Bologan, Viktor"]
[WhiteElo "2732"]
[BlackElo "2690"]
[Result "1-0"]

1. d4 Nf6 2. c4 c5 3. d5 b5 4. cxb5 a6 5. bxa6 g6 6. Nc3 Bxa6 7. Nf3 d6 8. g3 Bg7 9. Bg2 Nbd7 10. O-O O-O 11. Rb1 Qa5 12. Bd2 Ng4 13. Qc2 Nge5 14. Nxe5 Nxe5 15. b3 Qa3 16. Bc1 Qa5 17. Bd2 Qa3 18. Bc1 Qa5 19. a4 Nf3+ 20. Bxf3 Qxc3 21. Qa2 Qa5 22. Bg5 Ra7 23. Rfc1 Rb8 24. Bd2 Qd8 25. b4 cxb4 26. Rxb4 Rxb4 27. Bxb4 Bb5 28. a5 Rc7 29. Rxc7 Qxc7 30. Bd2 Bd4 31. Qb3 Ba6 32. Kg2 Kg7 33. Qb4 Qc5 34. e3 Ba1 35. Qxc5 dxc5 36. Bd1 Kf6 37. f4 e5 38. Kf2 Ke7 39. Be2 c4 40. Bb4+ Kd7 41. Kf3 Kc7 42. g4 Kb7 43. f5 Bb5 44. Ke4 Ka6 45. h4 Bb2 46. h5 Ba1 47. h6 Bb2 48. Bd6 Kxa5 49. Bxe5 gxf5+ 50. gxf5 Bxe5 51. Kxe5 c3 52. Bd1 Kb4 53. Kd4 f6 54. Bc2 Be8 55. e4 Bb5 56. d6 Bc6 57. e5 fxe5+ 58. Kxe5 Ba4 59. f6 

1-0

[Event "39th WCO"]
[Site "?"]
[Date "2010.09.25"]
[Round "?"]
[White "Wang, Yue"]
[Black "Movsesian, Sergei"]
[WhiteElo "2732"]
[BlackElo "2723"]
[Result "1/2-1/2"]

1. d4 Nf6 2. c4 e6 3. Nf3 d5 4. g3 Bb4+ 5. Bd2 Be7 6. Bg2 c6 7. O-O Nbd7 8. Qc2 b6 9. Nc3 dxc4 10. Bg5 Bb7 11. Bxf6 Nxf6 12. Ne5 Qxd4 13. Nxc6 Qc5 14. Na4 Qb5 15. Nc3 Qc5 16. Na4 Qb5 17. Nd4 Qa6 18. Bxb7 Qxb7 19. Qxc4 Rc8 20. Qb5+ Nd7 21. Rfd1 a6 22. Qh5 

1/2-1/2

[Event "39th WCO"]
[Site "?"]
[Date "2010.10.01"]
[Round "?"]
[White "Wang, Yue"]
[Black "Kramnik, Vladimir"]
[WhiteElo "2732"]
[BlackElo "2780"]
[Result "1/2-1/2"]

1. d4 Nf6 2. c4 e6 3. Nf3 d5 4. g3 dxc4 5. Bg2 Bb4+ 6. Bd2 a5 7. Qc2 Bxd2+ 8. Qxd2 c6 9. a4 b5 10. Na3 Bd7 11. Ne5 Nd5 12. O-O O-O 13. e4 Nb4 14. Rfd1 Qb6 15. d5 Ra7 16. dxc6 N4xc6 17. Qd6 bxa4 18. Nexc4 Qb4 19. Rac1 Be8 20. Qxb4 axb4 21. Nb5 Rd7 22. Nbd6 e5 23. Bf1 Rd8 24. Nb6 a3 25. bxa3 bxa3 26. Bb5 g6 27. Ra1 a2 28. Kg2 h5 29. h4 Kh7 30. Nxe8 Rfxe8 31. Nd5 Rf8 32. Bxc6 Nxc6 33. Rxa2 Nb4 34. Rad2 

1/2-1/2

[Event "5th MTel Masters"]
[Site "?"]
[Date "2009.05.19"]
[Round "?"]
[White "Dominguez Perez, Leinier"]
[Black "Wang, Yue"]
[WhiteElo "2717"]
[BlackElo "2738"]
[Result "1/2-1/2"]

1. e4 e5 2. Nf3 Nf6 3. Nxe5 d6 4. Nf3 Nxe4 5. Nc3 Nxc3 6. dxc3 Be7 7. Be3 Nc6 8. Qd2 Be6 9. O-O-O Qd7 10. Kb1 Bf6 11. Be2 O-O-O 12. Nd4 Bxd4 13. cxd4 d5 14. Rhe1 Rhe8 15. f3 Bf5 16. Bf1 h5 17. a3 Kb8 18. b3 Re7 19. Kb2 Rde8 20. Bf2 Rxe1 21. Bxe1 a6 22. Bg3 Bg6 23. Qc3 f6 24. Re1 Rxe1 25. Bxe1 Ne7 26. h3 Qd6 27. Qc5 Qxc5 28. dxc5 Kc8 29. Bf2 Kd7 30. c4 Bf7 31. cxd5 Bxd5 32. h4 Ke6 33. Kc3 Nf5 34. Bd3 g5 35. hxg5 fxg5 36. g4 hxg4 37. fxg4 Nh6 38. Be3 Nxg4 39. Bxg5 Nf2 40. b4 Nxd3 

1/2-1/2

[Event "5th MTel Masters"]
[Site "?"]
[Date "2009.05.20"]
[Round "?"]
[White "Wang, Yue"]
[Black "Ivanchuk, Vassily"]
[WhiteElo "2738"]
[BlackElo "2746"]
[Result "1/2-1/2"]

1. d4 Nf6 2. c4 e6 3. g3 c5 4. d5 exd5 5. cxd5 d6 6. Nc3 g6 7. Bg2 Bg7 8. Nf3 O-O 9. O-O Re8 10. Bf4 Na6 11. Re1 Bg4 12. h3 Bxf3 13. Bxf3 Nd7 14. e4 Qe7 15. Bg2 Nc7 16. a4 a6 17. Bf1 Rab8 18. Kg2 Bd4 19. Qd2 Nf6 20. Bg5 Qf8 21. Bh6 Qe7 22. Bg5 Qf8 23. Bh6 Qe7 24. f3 Nd7 25. h4 Qf6 26. Bg5 Qg7 27. Bh6 Qf6 28. Bg5 Qg7 29. Bf4 Qf6 30. g4 Be5 31. Bg5 Qg7 32. Bh6 Qf6 33. Bg5 Qg7 34. Bh6 Qf6 

1/2-1/2

[Event "4th GM"]
[Site "?"]
[Date "2007.07.04"]
[Round "?"]
[White "Cheparinov, Ivan"]
[Black "Wang, Yue"]
[WhiteElo "2657"]
[BlackElo "2696"]
[Result "0-1"]

1. e4 e5 2. Nf3 Nf6 3. Nxe5 d6 4. Nf3 Nxe4 5. d4 d5 6. Bd3 Be7 7. O-O Nc6 8. Nc3 Nxc3 9. bxc3 Bg4 10. Re1 O-O 11. Rb1 Rb8 12. Bf4 h6 13. h3 Bh5 14. Re3 Bd6 15. Bxd6 Qxd6 16. Qe2 f5 17. Re6 Bxf3 18. gxf3 Qa3 19. Qd2 Nd8 20. Re5 Nf7 21. Rxf5 Nd6 22. Rh5 Rxf3 23. Kh1 Rbf8 24. Rg1 R8f4 25. Qe2 Ne4 26. Bxe4 dxe4 27. Qc4+ Kh7 28. Qe6 Qf8 29. Qg6+ Kh8 30. Re5 Rxh3+ 31. Kg2 Rxc3 32. Rf1 Rc6 33. Qh5 Kh7 

0-1

[Event "4th GM"]
[Site "?"]
[Date "2007.07.05"]
[Round "?"]
[White "Wang, Yue"]
[Black "Zvjaginsev, Vadim"]
[WhiteElo "2696"]
[BlackElo "2658"]
[Result "1/2-1/2"]

1. d4 d5 2. c4 e6 3. Nf3 Nf6 4. Nc3 Be7 5. Bg5 O-O 6. e3 Nbd7 7. Rc1 h6 8. Bh4 c6 9. Bd3 a6 10. a4 b6 11. O-O Bb7 12. Qe2 c5 13. Rfd1 Ne4 14. Bg3 Nxg3 15. hxg3 Nf6 16. dxc5 Bxc5 17. cxd5 exd5 18. a5 Bb4 19. axb6 Qxb6 20. Qc2 Rab8 21. Nd4 Rfc8 22. Qb3 Bc5 23. Na4 Qxb3 24. Nxb3 Bb4 25. Nac5 Bxc5 26. Nxc5 g6 27. Rc3 Ne4 28. Bxe4 dxe4 29. b4 Rc6 30. Rd4 Re8 31. Rcc4 Re7 32. Rd8+ Kg7 33. Rb8 Rcc7 34. Kh2 h5 35. Rd4 Kh6 36. Rh8+ Kg7 37. Rhd8 a5 38. Nxb7 Rxb7 39. bxa5 Re5 40. Ra8 Rb2 41. a6 Ra2 42. g4 hxg4 43. a7 Re7 44. Kg3 Raxa7 45. Rxe4 Rxa8 46. Rxe7 Ra2 

1/2-1/2

[Event "4th GM"]
[Site "?"]
[Date "2007.07.06"]
[Round "?"]
[White "Wang, Yue"]
[Black "Asrian, K"]
[WhiteElo "2696"]
[BlackElo "2608"]
[Result "1/2-1/2"]

1. d4 e6 2. c4 Bb4+ 3. Bd2 Qe7 4. Nf3 Nf6 5. g3 Nc6 6. Nc3 Bxc3 7. Bxc3 Ne4 8. Rc1 d6 9. d5 Nxc3 10. Rxc3 Nd8 11. Bg2 O-O 12. Qc2 c5 13. dxe6 Bxe6 14. O-O Nc6 15. Rd1 Rad8 16. Re3 Qf6 17. Qc3 Qxc3 18. Rxc3 d5 19. Ng5 d4 20. Nxe6 dxc3 21. Nxd8 c2 22. Rc1 Rxd8 23. Bd5 Nb4 24. e4 Nxa2 25. Rxc2 b6 26. Kg2 Kf8 27. g4 Nb4 28. Rc3 b5 29. Ra3 a6 30. b3 g5 31. Kg3 Rd6 32. h4 h6 33. Ra5 Ke7 34. f3 Rb6 35. f4 gxf4+ 36. Kxf4 Nd3+ 37. Ke3 Ne5 38. g5 hxg5 39. hxg5 f6 40. cxb5 axb5 41. Kf4 Ng6+ 42. Kf5 Nh4+ 43. Kg4 fxg5 44. e5 c4 45. Kxg5 cxb3 46. Kxh4 b2 47. Ba2 b1=Q 48. Bxb1 Ke6 49. Bd3 Kxe5 50. Bxb5 Kf4 51. Ra4+ Ke5 52. Be2 Rg6 53. Bg4 Rg8 54. Kg3 Rf8 55. Bf3 Rb8 

1/2-1/2

[Event "4th GM"]
[Site "?"]
[Date "2007.07.14"]
[Round "?"]
[White "Wang, Yue"]
[Black "Cheparinov, Ivan"]
[WhiteElo "2696"]
[BlackElo "2657"]
[Result "1-0"]

1. d4 d5 2. c4 c6 3. Nf3 Nf6 4. e3 Bf5 5. Nc3 e6 6. Nh4 Bg6 7. Be2 Nbd7 8. O-O Bd6 9. g3 O-O 10. Nxg6 hxg6 11. b3 Qe7 12. Bf3 a6 13. Bd2 b5 14. Re1 Rfc8 15. e4 dxe4 16. Nxe4 Nxe4 17. Rxe4 bxc4 18. bxc4 c5 19. h4 Nf6 20. Bg5 Qc7 21. h5 Nxe4 22. Bxe4 gxh5 23. Qxh5 f5 24. Bxa8 Rxa8 25. d5 Qf7 26. Qf3 exd5 27. Rd1 Qe6 28. Qxd5 Qxd5 29. Rxd5 Bf8 30. Rxf5 Rb8 31. Rf3 Rb4 32. Rc3 Bd6 33. Kg2 Be5 34. Rc2 Bd4 35. Kf3 Kf7 36. Ke4 Ke6 37. f4 g6 38. g4 Rb1 39. f5+ gxf5+ 40. gxf5+ Kf7 41. Re2 Rf1 42. Be3 Rd1 43. Bd2 Ra1 44. Ba5 Rf1 45. Rh2 Ra1 46. Rg2 Rc1 47. Kd5 Rf1 48. Kc6 Rc1 49. Kd5 Rf1 50. Bb6 Rxf5+ 51. Kc6 Rf6+ 52. Kb7 Ke7 53. a4 Rf1 54. Kxa6 Rc1 55. Kb5 Kd7 56. a5 Rb1+ 57. Ka6 Bc3 58. Bxc5 Kc6 59. Bb6 Rf1 60. Rg5 

1-0

[Event "GB-China"]
[Site "?"]
[Date "2007.09.09"]
[Round "?"]
[White "Wang, Yue"]
[Black "Howell, David"]
[WhiteElo "2696"]
[BlackElo "2519"]
[Result "1-0"]

1. Nf3 Nf6 2. c4 g6 3. Nc3 d5 4. cxd5 Nxd5 5. Qa4+ Bd7 6. Qb3 Nb6 7. d4 Bg7 8. Bf4 O-O 9. e3 Be6 10. Qa3 N8d7 11. Be2 c6 12. O-O Bc4 13. Rfd1 Bxe2 14. Nxe2 Qe8 15. Qa5 Nd5 16. Bg3 e5 17. Nc3 e4 18. Nxd5 cxd5 19. Nd2 Qe6 20. Rac1 f5 21. Qc7 g5 22. Qd6 Qxd6 23. Bxd6 Rfc8 24. Bc7 Nf8 25. Rc2 Ne6 26. Rdc1 Kf7 27. g3 Bxd4 28. exd4 Nxd4 29. Nb3 Nxc2 30. Rxc2 Ke7 31. Rc3 Kd7 32. Be5 Rxc3 33. Bxc3 Rc8 34. Nd4 f4 35. f3 Rf8 36. Kf2 Rf6 37. gxf4 gxf4 38. Ne2 Rf5 39. Bd4 b6 40. h4 Rh5 41. Bf6 h6 42. Nd4 Kd6 43. Kg2 e3 44. a3 a6 45. a4 Kc5 46. Kh3 e2 47. Nxe2 Rf5 48. Bd4+ Kc4 49. Kg4 Rf7 50. Bxb6 Re7 51. Nd4 a5 52. b3+ Kc3 53. Kxf4 Rb7 54. Bc5 Rb8 55. Ke5 Re8+ 56. Kxd5 Rd8+ 57. Bd6 

1-0

[Event "4th Marx Gyoergy Memorial"]
[Site "?"]
[Date "2006.07.31"]
[Round "?"]
[White "Almasi, Z"]
[Black "Wang, Yue"]
[WhiteElo "2672"]
[BlackElo "2626"]
[Result "1-0"]

1. e4 c5 2. Nf3 Nc6 3. d4 cxd4 4. Nxd4 Nf6 5. Nc3 e5 6. Ndb5 d6 7. Bg5 a6 8. Na3 b5 9. Bxf6 gxf6 10. Nd5 f5 11. Bd3 Be6 12. c3 Bg7 13. Nxb5 axb5 14. Bxb5 Bd7 15. exf5 O-O 16. O-O Rb8 17. a4 Re8 18. Qg4 Kh8 19. Qe4 f6 20. b4 Ne7 21. Bxd7 Qxd7 22. Nxe7 Qxe7 23. a5 Rec8 24. Rfb1 Qd7 25. c4 d5 26. cxd5 Bf8 27. h3 Rb5 28. a6 Qd6 29. a7 Ra8 30. Qc4 Rb6 31. Rc1 Qd7 32. Ra6 Rxb4 33. Qc6 Rxa7 34. Rxa7 Qxa7 35. Qxf6+ Qg7 36. Qe6 Rb8 37. Rc4 e4 38. Rxe4 Qc7 39. g3 Rb6 40. Qe8 Rb8 41. Qc6 Qd8 42. Kg2 Qa5 43. d6 Qxf5 44. d7 Rd8 45. Re8 Rxd7 46. Rxf8+ Qxf8 47. Qxd7 Qa8+ 48. Kh2 

1-0

[Event "WYB14"]
[Site "?"]
[Date "2001.10.21"]
[Round "?"]
[White "Wang, Yue"]
[Black "Bermejo Martinez, Jorge"]
[WhiteElo "2466"]
[BlackElo "2032"]
[Result "1/2-1/2"]

1. d4 Nf6 2. c4 c5 3. d5 b5 4. cxb5 a6 5. e3 axb5 6. Bxb5 Ba6 7. Bxa6 Qa5+ 8. Nc3 Qxa6 9. Qe2 g6 10. e4 d6 11. Qxa6 Nxa6 12. f3 Bg7 13. Be3 O-O 14. Nge2 Rfb8 15. O-O-O Nd7 16. b3 Nb4 17. Rd2 Ra3 18. Rhd1 c4 19. Bd4 Ne5 20. Kb2 Rba8 21. f4 Ned3+ 22. Kb1 cxb3 23. Bxg7 Kxg7 24. Rxd3 bxa2+ 25. Ka1 Nc2+ 26. Kb2 a1=Q+ 27. Rxa1 Nxa1 28. Nc1 R3a6 29. N1a2 Nc2 30. Kb3 Rxa2 31. Nxa2 Rxa2 32. Rg3 Nb4 33. Kxb4 Re2 34. e5 dxe5 35. fxe5 Rxe5 36. Kc4 e6 37. dxe6 Rxe6 38. Kd4 Ra6 

1/2-1/2

[Event "WYb16"]
[Site "?"]
[Date "2002.11.18"]
[Round "?"]
[White "Wang, Yue"]
[Black "Friedel, J"]
[WhiteElo "2495"]
[BlackElo "2270"]
[Result "1/2-1/2"]

1. d4 Nf6 2. c4 c5 3. d5 b5 4. cxb5 a6 5. e3 g6 6. Nc3 Bg7 7. Nf3 O-O 8. a4 Bb7 9. Ra3 e6 10. dxe6 fxe6 11. Qd6 axb5 12. Bxb5 Qc8 13. O-O Ne8 14. Qg3 Bxf3 15. gxf3 Nc6 16. Ne4 Ne5 17. f4 Nf7 18. Qg2 d5 19. Ng3 Ned6 20. Bd3 c4 21. Bc2 Qb7 22. h4 Nh6 23. h5 Qf7 24. hxg6 hxg6 25. b4 cxb3 26. Bxb3 Nhf5 27. Bc2 Rfc8 28. Ra2 Ra7 29. Bd3 Rc3 30. Rd1 Qc7 31. Bxf5 Nxf5 32. Bb2 Qc4 33. Bxc3 Qxa2 34. Nxf5 Qc2 35. Nxg7 Qxd1+ 36. Kh2 Rxg7 37. Bxg7 Kxg7 38. Qh3 Qc2 39. Kg3 Qe4 40. Qh4 Qxa4 41. Qe7+ Kh6 42. Qxe6 Qd1 43. Kg2 Kg7 44. Qd7+ Kh6 45. Qh3+ Kg7 46. Qh4 Kg8 47. Qg5 Kh7 48. f5 gxf5 49. Qxf5+ Kg7 50. Qf4 Qb3 51. Qc7+ Kf6 52. Qd6+ Kf5 53. Kg3 Qb7 54. Qf4+ Ke6 55. Qh6+ Kf5 56. Qh5+ Kf6 57. f4 Qb3 58. Qe5+ Kf7 59. f5 Qd1 60. Qe6+ Kf8 61. Kf4 Qd2 62. Kg5 Qg2+ 63. Kf4 Qf2+ 64. Ke5 Qxe3+ 65. Kxd5 Qb3+ 66. Ke5 Qe3+ 67. Kd6 Qb6+ 

1/2-1/2

[Event "Chinese Championship"]
[Site "?"]
[Date "2008.05.29"]
[Round "?"]
[White "Wang, Yue"]
[Black "Liang, Chong"]
[WhiteElo "2689"]
[BlackElo "2484"]
[Result "1/2-1/2"]

1. d4 Nf6 2. c4 e6 3. Nf3 Bb4+ 4. Nbd2 b6 5. a3 Bxd2+ 6. Bxd2 Bb7 7. Bg5 h6 8. Bh4 d6 9. e3 Nbd7 10. h3 Qe7 11. b4 a5 12. Bd3 O-O 13. O-O axb4 14. axb4 Rxa1 15. Qxa1 Ra8 16. Qb2 Qe8 17. Nd2 Ra7 18. f3 Qa8 19. Bb1 Ra3 20. Bf2 c5 21. Rc1 Ra4 22. bxc5 bxc5 23. Nb3 Ba6 24. Nd2 Rb4 25. Qc3 Nb6 26. Bd3 Nfd7 27. Ra1 Ra4 28. Rxa4 Nxa4 29. Qa5 Nab6 30. Ne4 d5 31. Nxc5 Nxc5 32. dxc5 Nxc4 33. Qc7 Qc8 34. Qe7 Bb7 35. e4 Ne5 36. Bc2 dxe4 37. Qd6 Nd3 38. fxe4 Nb4 39. Bb1 Nc6 40. Bd3 Nb4 41. Bb1 Nc6 42. h4 Qa8 43. Kh2 Qa1 44. Bd3 Qe5+ 45. Bg3 Qxd6 46. Bxd6 Nb4 47. Bb1 f6 48. e5 Bd5 49. Bg6 Nc6 50. exf6 gxf6 51. g4 Kg7 52. h5 Nd8 53. Kg3 Nf7 54. Bf4 Ng5 55. Be3 Ne4+ 56. Kh2 Bc6 57. Kg1 Nc3 58. Kh2 Ne4 59. Bd4 Nd2 60. Kh3 Ne4 61. Be3 Ng5+ 62. Kh2 Ne4 63. Kg1 Nc3 64. Bd2 Ne4 65. Bb4 f5 66. gxf5 exf5 67. Bxf5 Kf6 68. Bg4 Be8 69. Kg2 Kg5 70. Bf3 Nxc5 71. Bd2+ Kf6 72. Bxh6 Ne6 73. Be3 Ng5 74. Bg4 Bc6+ 75. Kg3 Ne6 76. Bd2 Be4 77. Bd1 Kg7 78. Kg4 Kh7 79. h6 Nd8 80. Bb3 Bg6 81. Kg5 Nf7+ 82. Bxf7 Bxf7 

1/2-1/2